History of the kindergarten movement in the western states, Hawaii and Alaska. (Record no. 21854)

MARC details
000 -LEADER
fixed length control field 01142cam a22002771 4500
001 - CONTROL NUMBER
control field e 42000091
003 - CONTROL NUMBER IDENTIFIER
control field DLC
005 - DATE AND TIME OF LATEST TRANSACTION
control field 20260227111230.0
008 - FIXED-LENGTH DATA ELEMENTS--GENERAL INFORMATION
fixed length control field 781212s1940 xx 000 0 eng c
010 ## - LIBRARY OF CONGRESS CONTROL NUMBER
LC control number e 42000091
035 ## - SYSTEM CONTROL NUMBER
System control number (OCoLC)4444737
040 ## - CATALOGING SOURCE
Original cataloging agency United States Off. of education Library
Transcribing agency OCl
Modifying agency DLC
042 ## - AUTHENTICATION CODE
Authentication code premarc
050 00 - LIBRARY OF CONGRESS CALL NUMBER
Classification number LB1205
Item number .A82
110 2# - MAIN ENTRY--CORPORATE NAME
Corporate name or jurisdiction name as entry element Association for Childhood Education.
Subordinate unit Committee of nineteen.
245 10 - TITLE STATEMENT
Title History of the kindergarten movement in the western states, Hawaii and Alaska.
Statement of responsibility, etc. Presented at the 47th annual convention of the Association for childhood education, Milwaukee, Wisconsin, 1940.
260 ## - PUBLICATION, DISTRIBUTION, ETC.
Place of publication, distribution, etc. [Washington,
Date of publication, distribution, etc. 1940]
300 ## - PHYSICAL DESCRIPTION
Extent 67 p.
Dimensions 23 cm.
500 ## - GENERAL NOTE
General note Barbara Greenwood, compiler; Lucy Wheelock, chairman.
500 ## - GENERAL NOTE
General note Fourth of a series of four bulletins prepared by the Committee of nineteen on the history of the kindergarten in the United States. cf. Foreword.
650 #0 - SUBJECT ADDED ENTRY--TOPICAL TERM
Topical term or geographic name entry element Kindergarten
General subdivision History.
650 #0 - SUBJECT ADDED ENTRY--TOPICAL TERM
Topical term or geographic name entry element Education
Geographic subdivision Hawaii
General subdivision History.
650 #0 - SUBJECT ADDED ENTRY--TOPICAL TERM
Topical term or geographic name entry element Education
Geographic subdivision Alaska
General subdivision History.
700 1# - ADDED ENTRY--PERSONAL NAME
Personal name Greenwood, Barbara,
Relator term comp.
700 1# - ADDED ENTRY--PERSONAL NAME
Personal name Wheelock, Lucy.

No items available.

Powered by Koha